| 000 | 00595nam a2200193Ia 4500 | ||
|---|---|---|---|
| 008 | 191130s1992##################000#0#eng## | ||
| 020 | _a9780415269285 | ||
| 040 |
_aACL _cACL |
||
| 082 | _a338.064 LIN | ||
| 100 | _aLink, Albert N | ||
| 245 |
_aEconomics of technological change I _cAlbert N Link |
||
| 260 |
_aPennsylvania _bHarwood Academic Publishers _c1992 |
||
| 300 | _a1 v. (various pagings) : ill. ; 23 cm | ||
| 500 | _aIncludes Index | ||
| 650 | _aTechnological innovations--Economic aspects | ||
| 990 | _a4cb77333ac10000c241195a7e1f3560d | ||
| 991 | _a165171 | ||
| 999 |
_c156625 _d156625 |
||